| 000 | 00532nam a2200181 a 4500 | ||
|---|---|---|---|
| 005 | 20140310183257.0 | ||
| 008 | 041103s19uu xx 00 eng d | ||
| 020 | _a0766841391 | ||
| 050 |
_aRT 98 _b.C375 2004 |
||
| 100 | _aCarroll, Patricia | ||
| 245 |
_aCommunity health nursing : _ba practical guide. / _cCarroll, Patricia |
||
| 260 |
_aAustralia : _bThomson Delmar Learning, _c2004. |
||
| 300 |
_a220 p. : _bill. ; _c23 cm. |
||
| 521 | _aNUR | ||
| 650 | _aCommunity health nursing. | ||
| 942 |
_cBK _2lcc _kFOR |
||
| 999 |
_c20872 _d20872 |
||